00297nam a22001097a 4500008004100000020001800041041000800059080001000067100000700077101000800084245009500092180917b xxu||||| |||| 00| 0 eng d a9780834211988 aeng a159.9 a49 aPSI aMedicsl And Psychosocial Aspects of Chronic Illness And DisabilitycFalvo.D.R